Šetřílci
Správanie českého spotrebiteľa v čase hospodárskej krízy. Šetrenie na zábave a na výdavkoch na stravovanie. Mýtus o privátnych značkách sa vytráca. V tržbách posilňujú supermarkety. Štyri stratégie správania českých spotrebiteľov a typov reakcií na krízu.
Gespeichert in:
| Format: | Buchkapitel |
|---|---|
| Sprache: | Tschechisch |
| Schlagworte: | |
| Tags: |
Keine Tags, Fügen Sie das erste Tag hinzu!
|
MARC
| LEADER | 00000naa$a2200000$$$4500 | ||
|---|---|---|---|
| 001 | 0097603 | ||
| 005 | 20231019093658.9 | ||
| 041 | 0 | |a cze | |
| 044 | |a CZ | ||
| 245 | 1 | 0 | |a Šetřílci |
| 520 | |a Správanie českého spotrebiteľa v čase hospodárskej krízy. Šetrenie na zábave a na výdavkoch na stravovanie. Mýtus o privátnych značkách sa vytráca. V tržbách posilňujú supermarkety. Štyri stratégie správania českých spotrebiteľov a typov reakcií na krízu. | ||
| 610 | 2 | 0 | |a spotrebitelia |
| 610 | 2 | 0 | |a správanie spotrebiteľa |
| 610 | 2 | 0 | |a úspory finančné |
| 610 | 2 | 0 | |a značky výrobkov |
| 610 | 2 | 0 | |a kríza hospodárska |
| 610 | 2 | 0 | |a Česko |